[Event "38th ECC Open 2023"]
[Site "Durres ALB"]
[Date "2023.10.06"]
[Round "6.10"]
[Board "4"]
[White "De Jong, Jan-Willem"]
[Black "Ondersteijn, Niels"]
[Result "1/2-1/2"]
[WhiteTitle "IM"]
[BlackTitle "IM"]
[WhiteElo "2412"]
[BlackElo "2370"]
[WhiteTeam "LSG Leiden"]
[BlackTeam "Paul Keres 1"]
[WhiteFideId "1008641"]
[BlackFideId "1011162"]
[EventDate "2023.10.01"]

1. c4 Nf6 2. Nc3 g6 3. Nf3 Bg7 4. g3 O-O 5. Bg2 d6 6. d4 Nc6 7. O-O e5 8. dxe5
Nxe5 9. Nxe5 dxe5 10. Qxd8 Rxd8 11. Bg5 Rd7 12. h3 c6 13. b3 h6 14. Be3 Bf8 15.
Na4 Kg7 16. Rad1 Rxd1 17. Rxd1 Nd7 18. f4 exf4 19. Bd4+ Kg8 20. gxf4 Be7 21. e3
Kf8 22. Kf2 Ke8 23. e4 Nf8 24. Bc5 Ne6 25. Bxe7 Kxe7 26. Ke3 g5 27. f5 Nf4 28.
Bf3 Rb8 29. h4 b5 30. cxb5 Rxb5 31. hxg5 hxg5 32. Bg4 f6 33. Rc1 Re5 34. Rh1
Ng2+ 35. Kd4 Nh4 36. Nc5 Kd6 37. b4 a5 38. a3 Re7 39. Rb1 axb4 40. Rxb4 Re5 41.
Rc4 Nxf5+ 42. Bxf5 Bxf5 43. Nb7+ Kc7 44. Nc5 Bc8 45. Rc1 Kd6 46. Nd3 Ra5 47. Rc3
Ra4+ 48. Ke3 Ra5 49. Kd4 Ra4+ 50. Ke3 f5 51. exf5 Bxf5 52. Nc5 Rh4 53. Kf2 Rh2+
54. Kg1 Rc2 55. Nb7+ Kc7 56. Rf3 Be6 57. Re3 Kxb7 58. Rxe6 Kb6 59. Kf1 Kb5 60.
Re5+ Rc5 61. Re4 Rd5 62. Ke2 c5 63. a4+ Kb6 64. Ke3 Rd1 65. Rg4 Rd5 66. Re4 Rd6
67. Re5 g4 68. Rg5 Rd4 69. a5+ Kb5 70. a6 Ra4 71. Kd3 g3 72. Kc2 g2 73. Kb2 Rb4+
74. Kc2 Kxa6 75. Rxg2 Kb5 76. Rg3 Rc4+ 77. Kb3 Ra4 78. Rh3 Rb4+ 79. Kc3 Ka4 80.
Rh8 Rg4 81. Rb8 Rb4 82. Ra8+ Kb5 83. Rb8+ Kc6 84. Rxb4 cxb4+ 85. Kxb4 1/2-1/2

[Event "38th ECC Open 2023"]
[Site "Durres ALB"]
[Date "2023.10.06"]
[Round "6.10"]
[Board "5"]
[White "Rademakers, Evert"]
[Black "Van der Werf, Mark"]
[Result "0-1"]
[WhiteTitle "FM"]
[BlackTitle "IM"]
[WhiteElo "2256"]
[BlackElo "2399"]
[WhiteTeam "Paul Keres 1"]
[BlackTeam "LSG Leiden"]
[WhiteFideId "1025996"]
[BlackFideId "1000470"]
[EventDate "2023.10.01"]

1. b3 d5 2. Bb2 e6 3. Nf3 Nf6 4. g3 c5 5. Bg2 Be7 6. O-O O-O 7. c4 d4 8. b4 a5
9. bxc5 Nc6 10. d3 Bxc5 11. Nfd2 e5 12. Nb3 Be7 13. Ba3 Nb4 14. N1d2 Qc7 15. Ne4
Nxe4 16. Bxe4 Bh3 17. Re1 f5 18. Bh1 Rad8 19. Nd2 h6 20. c5 Bxc5 21. Qa4 b6 22.
Rec1 Kh8 23. Nb3 f4 24. Bxb4 axb4 25. Qxb4 fxg3 26. hxg3 Qf7 27. Qe1 Bb4 28. Rc7
Bxe1 29. Rxf7 Rxf7 30. Rxe1 Ra7 31. Nd2 Be6 32. Nf3 Ra5 33. Rb1 Rb8 34. a3 Bg4
35. Nd2 Bxe2 36. Be4 Rxa3 37. Nc4 Bxd3 38. Nxa3 Bxe4 39. Re1 Bf3 40. Nc4 d3 41.
Nd2 Be2 0-1

[Event "38th ECC Open 2023"]
[Site "Durres ALB"]
[Date "2023.10.06"]
[Round "6.10"]
[Board "6"]
[White "Willemze, Thomas"]
[Black "Hommerson, Paul"]
[Result "1/2-1/2"]
[WhiteTitle "IM"]
[WhiteElo "2351"]
[BlackElo "2287"]
[WhiteTeam "LSG Leiden"]
[BlackTeam "Paul Keres 1"]
[WhiteFideId "1007238"]
[BlackFideId "1025325"]
[EventDate "2023.10.01"]

1. e4 e5 2. Nf3 Nc6 3. Nc3 Nf6 4. Bb5 Bc5 5. O-O O-O 6. Nxe5 Nxe5 7. d4 Bd6 8.
dxe5 Bxe5 9. Bd3 Re8 10. Bg5 c6 11. Kh1 Qa5 12. f4 Bxc3 13. e5 Bxe5 14. fxe5
Qxe5 15. Bxf6 gxf6 16. Qd2 Qg5 17. Qb4 d5 18. Rf3 a5 19. Qd4 Qe5 20. Qh4 h5 21.
Raf1 c5 22. Rxf6 c4 23. Bf5 Ra6 24. Qg5+ Kf8 25. Rxf7+ Kxf7 26. Bd7+ Rf6 27.
Bxe8+ Ke6 28. Qxe5+ Kxe5 29. Re1+ Kd4 30. Bxh5 Rf2 31. Bg6 b5 32. Kg1 Rf6 33.
c3+ Kc5 34. Bh5 b4 35. Bf3 bxc3 36. bxc3 Bb7 37. h4 Rf7 38. Rb1 d4 39. cxd4+
Kxd4 40. Bxb7 c3 41. Rd1+ Ke3 42. Ba6 c2 43. Rd3+ Ke2 44. Rd5+ Ke3 45. Rc5 Kd2
46. h5 Rf5 47. Rxc2+ Kxc2 48. g4 Rf4 49. Bc8 Kd3 50. Kg2 Ke4 51. h6 Rf8 52. Bd7
Kf4 53. h7 Rh8 54. Bf5 Kg5 55. Kf3 Kf6 56. Kf4 Kg7 57. g5 Rd8 58. g6 Rd2 59. Be6
a4 60. Ke3 Rd6 61. Bf7 a3 62. Ke4 Rd2 63. Ke5 Rd1 64. Bd5 Rg1 65. Bf7 Rd1 66.
Ke4 Rd8 67. Ke5 Rd1 68. Be6 Rd8 69. Kf5 Rd2 70. Bf7 Rd6 1/2-1/2

[Event "38th ECC Open 2023"]
[Site "Durres ALB"]
[Date "2023.10.06"]
[Round "6.11"]
[Board "1"]
[White "Heimann, Andreas"]
[Black "Pultinevicius, Paulius"]
[Result "1/2-1/2"]
[WhiteTitle "GM"]
[BlackTitle "GM"]
[WhiteElo "2552"]
[BlackElo "2586"]
[WhiteTeam "Schachgesellschaft Riehen"]
[BlackTeam "MRU - ROSK Consulting"]
[WhiteFideId "24624632"]
[BlackFideId "12809390"]
[EventDate "2023.10.01"]

1. e4 c6 2. Nc3 d5 3. Nf3 Bg4 4. h3 Bxf3 5. Qxf3 e6 6. d4 dxe4 7. Qxe4 Nf6 8.
Qd3 Be7 9. Be2 O-O 10. O-O Qc7 11. Ne4 Rd8 12. c3 Nbd7 13. Nxf6+ Nxf6 14. Qf3
Nd5 15. Bd2 a5 16. Rad1 b5 17. Bd3 Bf6 18. Rfe1 Rd7 19. h4 Qd8 20. g3 b4 21. Be4
Rc8 22. a3 c5 23. axb4 cxb4 24. Ra1 h6 25. Rec1 bxc3 26. bxc3 Nb6 27. Bf4 Nd5
28. Bd2 Nb6 29. Bf4 Nd5 30. Bd2 Nb6 1/2-1/2

[Event "38th ECC Open 2023"]
[Site "Durres ALB"]
[Date "2023.10.06"]
[Round "6.11"]
[Board "2"]
[White "Klabis, Rokas"]
[Black "Demuth, Adrien"]
[Result "0-1"]
[WhiteTitle "FM"]
[BlackTitle "GM"]
[WhiteElo "2419"]
[BlackElo "2484"]
[WhiteTeam "MRU - ROSK Consulting"]
[BlackTeam "Schachgesellschaft Riehen"]
[WhiteFideId "12805246"]
[BlackFideId "642274"]
[EventDate "2023.10.01"]

1. e4 g6 2. d4 Bg7 3. Nc3 d6 4. Be3 a6 5. h4 Nf6 6. Be2 h5 7. f3 b5 8. a4 b4 9.
Na2 a5 10. c3 bxc3 11. Nxc3 O-O 12. Nh3 Nbd7 13. Rc1 c6 14. f4 Rb8 15. Rc2 Ng4
16. Bxg4 hxg4 17. Nf2 g3 18. Nh3 Nf6 19. Qf3 Ng4 20. Qxg3 c5 21. Nb5 Nxe3 22.
Qxe3 cxd4 23. Qg3 Bb7 24. Ng5 Rc8 25. Kd1 Rxc2 26. Kxc2 Qc8+ 27. Kb1 Qc4 28. e5
dxe5 29. fxe5 Qxa4 30. h5 Qxb5 31. hxg6 fxg6 32. Qh4 Qd3+ 33. Ka1 Rf1+ 34. Rxf1
Qxf1+ 35. Ka2 Bd5+ 36. b3 Qd3 0-1

[Event "38th ECC Open 2023"]
[Site "Durres ALB"]
[Date "2023.10.06"]
[Round "6.11"]
[Board "3"]
[White "Brunner, Nicolas"]
[Black "Sakalauskas, Vaidas"]
[Result "1-0"]
[WhiteTitle "IM"]
[BlackTitle "IM"]
[WhiteElo "2425"]
[BlackElo "2344"]
[WhiteTeam "Schachgesellschaft Riehen"]
[BlackTeam "MRU - ROSK Consulting"]
[WhiteFideId "620246"]
[BlackFideId "12800457"]
[EventDate "2023.10.01"]

1. d4 d5 2. c4 e6 3. Nf3 a6 4. Bg5 Be7 5. Bxe7 Qxe7 6. Nbd2 Nf6 7. g3 O-O 8. Bg2
Nbd7 9. Rc1 c5 10. cxd5 exd5 11. dxc5 Nxc5 12. O-O Be6 13. Nd4 Rac8 14. N2f3
Nfe4 15. Nxe6 fxe6 16. Qd4 Qf6 17. Rc2 Qxd4 18. Nxd4 e5 19. Nf3 Rce8 20. Nd2 b6
21. b4 Ne6 22. Nxe4 Nd4 23. Rd2 dxe4 24. Bxe4 Rd8 25. Kg2 Nb5 26. Rfd1 Rxd2 27.
Rxd2 Nc3 28. Bb7 a5 29. bxa5 bxa5 30. Rc2 Rb8 31. Ba6 Na4 32. Rc7 g6 33. Re7 Rb2
34. Rxe5 Nc3 35. a3 a4 36. Re3 Rc2 37. Re8+ Kg7 38. Rc8 Rc1 39. e3 Kf6 40. Bb5
Rb1 41. Rxc3 Rxb5 42. Rc4 Ra5 43. f4 h5 44. Kf3 Ke6 45. Rd4 Ra6 46. h3 Ra5 47.
g4 hxg4+ 48. hxg4 Kf6 49. g5+ Ke6 50. e4 Ra6 51. Kg4 Ra5 52. Rc4 Ra6 53. Rb4 Ra5
54. Rb6+ Kf7 55. Rb7+ Kg8 56. Rb4 Kf7 57. f5 Ra7 58. Kf4 Kg7 59. Rb6 gxf5 60.
exf5 1-0

[Event "38th ECC Open 2023"]
[Site "Durres ALB"]
[Date "2023.10.06"]
[Round "6.11"]
[Board "4"]
[White "Vedrickas, Tautvydas"]
[Black "Cvitan, Ognjen"]
[Result "1-0"]
[WhiteTitle "FM"]
[BlackTitle "GM"]
[WhiteElo "2329"]
[BlackElo "2426"]
[WhiteTeam "MRU - ROSK Consulting"]
[BlackTeam "Schachgesellschaft Riehen"]
[WhiteFideId "12802654"]
[BlackFideId "14500086"]
[EventDate "2023.10.01"]

1. d4 Nf6 2. c4 g6 3. Nc3 Bg7 4. e4 d6 5. f3 O-O 6. Bg5 c5 7. d5 e6 8. Nge2 h6
9. Be3 exd5 10. cxd5 a6 11. a4 Nbd7 12. Ng3 h5 13. Be2 h4 14. Nf1 Nh7 15. Nd2
Qe7 16. Nc4 Ne5 17. Nb6 Rb8 18. Ra3 f5 19. f4 Nd7 20. Nxc8 Rbxc8 21. e5 dxe5 22.
d6 Qf6 23. Qd5+ Kh8 24. Qxb7 Qxd6 25. O-O exf4 26. Bxf4 Qd4+ 27. Kh1 Nhf6 28.
Qxa6 Ng4 29. Qxg6 Ndf6 30. Nd1 Rce8 31. Bb5 Ne4 32. Raf3 Rd8 33. Ne3 Nd2 34.
Nxf5 Nxf3 35. Nxd4 Nfe5 36. Qh5+ Kg8 37. Ne6 1-0

[Event "38th ECC Open 2023"]
[Site "Durres ALB"]
[Date "2023.10.06"]
[Round "6.11"]
[Board "5"]
[White "Haag, Gregor"]
[Black "Indriunas, Matas"]
[Result "1-0"]
[BlackTitle "FM"]
[WhiteElo "2329"]
[BlackElo "2326"]
[WhiteTeam "Schachgesellschaft Riehen"]
[BlackTeam "MRU - ROSK Consulting"]
[WhiteFideId "24680931"]
[BlackFideId "12812897"]
[EventDate "2023.10.01"]

1. d4 Nf6 2. c4 g6 3. Nc3 d5 4. Nf3 Bg7 5. Bg5 Ne4 6. Bf4 Nxc3 7. bxc3 c5 8. e3
Nc6 9. cxd5 Qxd5 10. Be2 cxd4 11. cxd4 O-O 12. O-O Bf5 13. h4 h6 14. Qa4 Rfc8
15. Rac1 Qd7 16. Bb5 a6 17. Bxc6 Rxc6 18. Rxc6 bxc6 19. Ne5 Bxe5 20. Bxe5 Qd5
21. Rc1 Be6 22. a3 Qe4 23. Qxc6 Qxc6 24. Rxc6 a5 25. e4 Ba2 26. d5 a4 27. h5 f6
28. Bc3 gxh5 29. d6 exd6 30. Rxd6 Bb1 31. f3 f5 32. Rg6+ Kf7 33. Rf6+ Ke7 34.
Rxf5 Ra6 35. Bd2 h4 36. Rh5 Kf7 37. Bxh6 Rd6 38. Rxh4 Rd3 39. Rf4+ Kg6 40. Bf8
Ba2 41. Be7 Bc4 42. Rf6+ Kg7 43. Rc6 Rd1+ 44. Kh2 Bf1 45. Bb4 Kf7 46. g4 Be2 47.
Kg3 Rf1 48. Rc3 Bd1 49. Kg2 Be2 50. Re3 Bb5 51. Re1 Rxe1 52. Bxe1 Kf6 53. Bc3+
Ke6 54. f4 1-0

[Event "38th ECC Open 2023"]
[Site "Durres ALB"]
[Date "2023.10.06"]
[Round "6.11"]
[Board "6"]
[White "Setkauskas, Vaidas"]
[Black "Jaeggi, Dorian"]
[Result "1-0"]
[BlackTitle "FM"]
[WhiteElo "2239"]
[BlackElo "2333"]
[WhiteTeam "MRU - ROSK Consulting"]
[BlackTeam "Schachgesellschaft Riehen"]
[WhiteFideId "12803936"]
[BlackFideId "1306294"]
[EventDate "2023.10.01"]

1. e4 c5 2. Nf3 e6 3. d4 cxd4 4. Nxd4 Nc6 5. Nc3 Qc7 6. Be3 a6 7. Qd2 Nf6 8.
O-O-O Be7 9. f3 O-O 10. g4 b5 11. g5 Nh5 12. Nce2 Nxd4 13. Qxd4 Rd8 14. Kb1 Bb7
15. Ng3 Nf4 16. Bxf4 Qxf4 17. Nh5 e5 18. Qf2 Qxg5 19. Nxg7 Qh4 20. Qg1 Kh8 21.
Nf5 Qf6 22. Bd3 Rg8 23. Qf2 Bf8 24. Rhf1 Rc8 25. f4 Bc5 26. fxe5 Qg5 27. Qf3
Rce8 28. h4 Qg4 29. Nh6 Qxf3 30. Rxf3 Rg6 31. Nxf7+ Kg7 32. h5 Rg4 33. a3 Re7
34. Rdf1 h6 35. Nd6 Bxd6 36. exd6 Re6 37. Rf8 1-0

[Event "38th ECC Open 2023"]
[Site "Durres ALB"]
[Date "2023.10.06"]
[Round "6.12"]
[Board "1"]
[White "Nemeth, Miklos1"]
[Black "Smirin, Ilia"]
[Result "0-1"]
[WhiteTitle "IM"]
[BlackTitle "GM"]
[WhiteElo "2425"]
[BlackElo "2564"]
[WhiteTeam "SK Dunajska Streda"]
[BlackTeam "Perfect"]
[WhiteFideId "720232"]
[BlackFideId "2801990"]
[EventDate "2023.10.01"]

1. e4 c5 2. Nf3 Nc6 3. d4 cxd4 4. Nxd4 Nf6 5. Nc3 d6 6. Bg5 e6 7. Qd2 a6 8.
O-O-O Bd7 9. g3 Be7 10. Bg2 Ne5 11. f4 Nc4 12. Qd3 Rc8 13. Nb3 b5 14. Nd2 Nb6
15. e5 dxe5 16. fxe5 Nfd5 17. Bxe7 Qxe7 18. Nxd5 exd5 19. Rde1 O-O 20. Nb3 Rc4
21. Rhf1 Rfc8 22. Rf2 Qb4 23. Ref1 Be6 24. Kb1 d4 25. Be4 g6 26. h4 Nd7 27. Qd2
Nxe5 28. Qxb4 Rxb4 29. Rd2 d3 30. Bxd3 Rg4 31. Be2 Rxg3 32. Rd6 Bc4 33. Bxc4
Nxc4 34. Rd7 Ne5 35. Rd6 Rc6 36. Rd5 Re3 37. a3 h5 38. Nd4 Rb6 39. c3 Kg7 40.
Rf4 f6 41. Kc2 Rg3 42. Kb3 Rg4 43. Rxg4 hxg4 44. Kb4 g3 45. Ne2 g2 46. Ng1 Rc6
47. b3 a5+ 48. Kxa5 Rxc3 49. Rd2 Rxb3 50. Rxg2 Kh6 0-1

[Event "38th ECC Open 2023"]
[Site "Durres ALB"]
[Date "2023.10.06"]
[Round "6.12"]
[Board "2"]
[White "Hamitevici, Vladimir"]
[Black "Bokros, Albert"]
[Result "0-1"]
[WhiteTitle "GM"]
[BlackTitle "IM"]
[WhiteElo "2482"]
[BlackElo "2447"]
[WhiteTeam "Perfect"]
[BlackTeam "SK Dunajska Streda"]
[WhiteFideId "13902393"]
[BlackFideId "710458"]
[EventDate "2023.10.01"]

1. e4 c5 2. Nf3 e6 3. g3 Nc6 4. d4 cxd4 5. Nxd4 Nf6 6. Bg2 d6 7. O-O Bd7 8. b3
a6 9. Bb2 Be7 10. h3 Rc8 11. Ne2 O-O 12. Nbc3 b5 13. a3 Qb6 14. Kh2 Rfd8 15. f4
b4 16. Na4 Qb8 17. axb4 Nxb4 18. c4 d5 19. Be5 Qb7 20. exd5 exd5 21. Nd4 Qa7 22.
c5 Ne4 23. Nb6 Rxc5 24. Nxd7 Qxd7 25. f5 Bd6 26. Bf4 Rc3 27. Ne2 Rd3 28. Qb1 Nd2
29. Bxd2 Rxd2 30. Qe1 Rd3 31. Nf4 Rxb3 32. Qd1 Rc3 33. Nh5 Be5 34. Kh1 Nc2 35.
Rxa6 Ne3 36. Qe2 Re8 37. Rf2 Nxf5 38. Qa2 Rc1+ 39. Kh2 g6 40. Qxd5 Qc7 41. Ra3
gxh5 42. Rxf5 h4 43. Rg5+ Kh8 44. Be4 hxg3+ 45. Kg2 Rc2+ 46. Bxc2 Qxc2+ 47. Kf3
Qf2+ 48. Kg4 Qf4+ 49. Kh5 h6 50. Kxh6 Qh4+ 0-1

[Event "38th ECC Open 2023"]
[Site "Durres ALB"]
[Date "2023.10.06"]
[Round "6.12"]
[Board "3"]
[White "Borhy, Marcell"]
[Black "Atlas, Valery"]
[Result "1/2-1/2"]
[WhiteTitle "IM"]
[BlackTitle "IM"]
[WhiteElo "2390"]
[BlackElo "2423"]
[WhiteTeam "SK Dunajska Streda"]
[BlackTeam "Perfect"]
[WhiteFideId "770787"]
[BlackFideId "12000035"]
[EventDate "2023.10.01"]

1. c4 Nf6 2. g3 e6 3. Bg2 d5 4. Nf3 Be7 5. O-O O-O 6. d4 c6 7. Nc3 Nbd7 8. Qd3
b6 9. Rd1 Ba6 10. b3 Rc8 11. e4 c5 12. exd5 exd5 13. Qf1 dxc4 14. d5 Bd6 15.
bxc4 Ne5 16. Nd2 Re8 17. Bb2 Ng6 18. Nce4 Nxe4 19. Nxe4 Be5 20. Bxe5 Nxe5 21.
Rac1 f5 22. Nd2 Qd6 23. h3 Re7 24. f4 Nf7 25. Qd3 g6 26. Re1 Rce8 27. Kf2 Rxe1
28. Rxe1 Rxe1 29. Kxe1 Qe7+ 30. Kf2 Qf6 31. Bf1 g5 32. Qe3 gxf4 33. Qxf4 Kg7 34.
Nf3 Nd6 35. Ne5 b5 36. cxb5 Bxb5 37. Bxb5 Nxb5 1/2-1/2

[Event "38th ECC Open 2023"]
[Site "Durres ALB"]
[Date "2023.10.06"]
[Round "6.12"]
[Board "4"]
[White "Korsunsky, Yuri"]
[Black "Varga, Zoltan"]
[Result "0-1"]
[WhiteTitle "IM"]
[BlackTitle "GM"]
[WhiteElo "2384"]
[BlackElo "2356"]
[WhiteTeam "Perfect"]
[BlackTeam "SK Dunajska Streda"]
[WhiteFideId "14102722"]
[BlackFideId "700509"]
[EventDate "2023.10.01"]

1. e4 d6 2. d4 Nf6 3. Nc3 Nbd7 4. Be3 c6 5. Qd2 b5 6. f3 Nb6 7. Bd3 e5 8. Nge2
Be7 9. a4 b4 10. Nd1 a5 11. c3 O-O 12. cxb4 axb4 13. dxe5 dxe5 14. b3 Be6 15.
Qc2 Nfd7 16. Nb2 Ra5 17. Bc4 Bc5 18. Bxc5 Rxc5 19. Nd3 Nxc4 20. Nxc5 Nxc5 21.
bxc4 b3 22. Qc3 b2 23. Rb1 Nxa4 24. Qb4 Qd3 25. O-O Qc2 26. Rfd1 Bxc4 27. Qd2
Qxd2 28. Rxd2 Rb8 29. Nc3 Nxc3 30. Rbxb2 Bb5 31. Rdc2 Nd1 32. Rb1 Rd8 33. Rb3 g5
34. Ra3 Kg7 35. g4 Rd7 36. h3 h5 37. gxh5 Kh6 38. Kh2 Kxh5 39. Kg3 Kg6 40. h4
Rd8 41. hxg5 Kxg5 42. Rc5 Kf6 43. f4 Rg8+ 44. Kf3 exf4 45. Kxf4 Nb2 46. Rf5+ Ke6
47. Re5+ Kd6 48. Rh5 Nd3+ 49. Kf5 Bc4 50. Rg5 Rxg5+ 51. Kxg5 Ke5 52. Rc3 Kd4 53.
Rc2 c5 0-1

[Event "38th ECC Open 2023"]
[Site "Durres ALB"]
[Date "2023.10.06"]
[Round "6.12"]
[Board "5"]
[White "Csonka, Attila Istvan"]
[Black "Slavin, Gennadie"]
[Result "1/2-1/2"]
[WhiteTitle "IM"]
[WhiteElo "2297"]
[BlackElo "2235"]
[WhiteTeam "SK Dunajska Streda"]
[BlackTeam "Perfect"]
[WhiteFideId "716529"]
[BlackFideId "4104870"]
[EventDate "2023.10.01"]

1. e4 e6 2. d4 d5 3. Nd2 Nf6 4. e5 Ne4 5. Bd3 Nxd2 6. Bxd2 c5 7. c3 cxd4 8. cxd4
Qb6 9. Ne2 Bd7 10. a4 Nc6 11. Bc3 Bb4 12. O-O Rc8 13. f4 g6 14. Kh1 O-O 15. Qe1
Bxc3 16. bxc3 f5 17. exf6 Rxf6 18. Rf3 Qd8 19. Re3 Na5 20. Qh4 Rf7 21. Qh6 Qf8
22. Qg5 Qe7 23. h4 Nc4 24. Qxe7 Rxe7 25. Bxc4 Rxc4 26. a5 Ra4 27. Rxa4 Bxa4 28.
Ng1 Bd1 29. Nh3 Kf7 30. Nf2 Bc2 31. Re2 Ba4 32. Nd3 Bb5 33. Ne5+ Kf6 34. Re3 Rc7
35. Kh2 Ba4 36. g4 Bc2 37. Kg3 b6 38. axb6 axb6 39. Kf2 Be4 40. g5+ Kg7 41. Ng4
Ra7 42. Nf6 Bf5 43. Ne8+ Kf8 44. Nd6 Ra3 45. Nxf5 exf5 46. Re5 Rxc3 47. Rxd5 Rh3
48. Rb5 Rxh4 49. Kg3 Rh1 50. Rxb6 Rd1 51. Rb4 Rh1 52. Kg2 Rh4 53. Kf3 Ke7 54.
Rb6 Kd7 55. d5 Kc7 56. Rc6+ Kd7 57. Ke3 Ke7 58. Re6+ Kd7 59. Rf6 Rh1 60. Ra6 Rd1 1/2-1/2

[Event "38th ECC Open 2023"]
[Site "Durres ALB"]
[Date "2023.10.06"]
[Round "6.12"]
[Board "6"]
[White "Pleshkov, Mikhail"]
[Black "Takacs, Laszlo"]
[Result "0-1"]
[BlackTitle "FM"]
[WhiteElo "2011"]
[BlackElo "2221"]
[WhiteTeam "Perfect"]
[BlackTeam "SK Dunajska Streda"]
[WhiteFideId "34106917"]
[BlackFideId "14918854"]
[EventDate "2023.10.01"]

1. d4 Nf6 2. Nf3 g6 3. c4 Bg7 4. g3 c6 5. Bg2 d5 6. O-O dxc4 7. Na3 b5 8. Bf4
Bb7 9. Qd2 O-O 10. Bh6 Nbd7 11. Rac1 Rc8 12. b3 c3 13. Qg5 Qa5 14. Bxg7 Kxg7 15.
Nc2 h6 16. Qe3 Nd5 17. Qd3 b4 18. Ne5 Nxe5 19. dxe5 Rfd8 20. Qe4 Qb6 21. Qh4 Qc5
22. Bxd5 cxd5 23. Nxb4 d4 24. Nd3 Qd5 25. f3 Rc7 26. Rc2 a5 27. g4 Ba6 28. Qg3
Bxd3 29. exd3 Rc5 30. f4 Rb8 31. Qg2 Qxg2+ 32. Kxg2 a4 33. bxa4 Ra5 34. Kf3 Rxa4
35. Rff2 Rb1 36. Ke4 Rd1 37. h4 Kf8 38. f5 Ke8 39. fxg6 fxg6 40. h5 gxh5 41.
gxh5 Kd7 42. Rg2 Kc6 43. Rce2 Kc5 44. Rg8 Rh1 45. Rc8+ Kb6 46. Re8 Rh4+ 47. Kd5
Ra5+ 48. Ke6 Rxh5 49. Rxe7 Rh3 50. Kd6 Rxd3 51. Rg7 Rd2 52. Re1 c2 53. Rgg1 Rf2
54. e6 Rf6 55. Rg3 Kb5 56. Ke5 Rxe6+ 57. Kxe6 Kc4 58. Rh1 d3 59. Rg2 Kc3 60. Rg3
Rxa2 61. Ke5 Ra4 62. Rf3 Rb4 63. Rf8 d2 0-1

[Event "38th ECC Open 2023"]
[Site "Durres ALB"]
[Date "2023.10.06"]
[Round "6.13"]
[Board "1"]
[White "Aditya, Mittal"]
[Black "Blomqvist, Erik"]
[Result "0-1"]
[WhiteTitle "GM"]
[BlackTitle "GM"]
[WhiteElo "2572"]
[BlackElo "2509"]
[WhiteTeam "Gambit Asseco-SEE"]
[BlackTeam "SK Rockaden"]
[WhiteFideId "35042025"]
[BlackFideId "1709437"]
[EventDate "2023.10.01"]

1. e4 e5 2. Nf3 Nc6 3. Bc4 Nf6 4. d3 Bc5 5. O-O d6 6. c3 a5 7. Bg5 h6 8. Bh4 Ba7
9. Nbd2 g5 10. Bg3 O-O 11. a4 Kg7 12. Re1 Nh7 13. d4 h5 14. h3 h4 15. Bh2 exd4
16. cxd4 Nxd4 17. e5 d5 18. Bd3 Ne6 19. Qc2 Rh8 20. Rad1 Nhf8 21. Bf5 Qe7 22.
Nf1 c6 23. Ne3 Ng6 24. Bg4 Bxe3 25. fxe3 Ra6 26. Rf1 Rb6 27. Rf2 Rb4 28. Rdf1
Rf8 29. Nd2 d4 30. Bh5 Nh8 31. Nc4 dxe3 32. Nxe3 Nf4 33. Qc3 Nxh5 34. e6+ Kg8
35. Nf5 Qxe6 36. Bd6 Re8 37. Bxb4 axb4 38. Qxb4 Nf4 39. Nd6 Rd8 40. Nxb7 Rd5 41.
Re1 Re5 42. Rxe5 Qxe5 43. Qa5 Qe3 44. Qd2 Qxd2 45. Rxd2 Bxb7 46. Rd8+ Kg7 47.
Rb8 Ba6 48. Rb6 Bd3 49. Rxc6 Nhg6 50. Rc5 Ne6 51. Rc8 Ngf4 52. Kh2 Bf1 53. a5
Bxg2 54. a6 Bxh3 55. a7 Bg2 56. b4 g4 57. a8=Q g3+ 58. Kg1 Bxa8 59. Rxa8 Nd4 0-1

[Event "38th ECC Open 2023"]
[Site "Durres ALB"]
[Date "2023.10.06"]
[Round "6.13"]
[Board "2"]
[White "Seo, Jung Min"]
[Black "Arnaudov, G. Petar"]
[Result "1-0"]
[WhiteTitle "IM"]
[BlackTitle "GM"]
[WhiteElo "2466"]
[BlackElo "2428"]
[WhiteTeam "SK Rockaden"]
[BlackTeam "Gambit Asseco-SEE"]
[WhiteFideId "1734687"]
[BlackFideId "2907127"]
[EventDate "2023.10.01"]

1. e4 e5 2. Nf3 Nc6 3. Bb5 a6 4. Ba4 Nf6 5. O-O b5 6. Bb3 Be7 7. Re1 d6 8. c3
O-O 9. h3 Nb8 10. d4 Nbd7 11. Nbd2 Bb7 12. Bc2 Re8 13. Nf1 Bf8 14. Ng3 g6 15. a4
Bg7 16. Bd3 exd4 17. cxd4 c5 18. axb5 axb5 19. Rxa8 Bxa8 20. dxc5 Nxc5 21. Bxb5
Rf8 22. Qc2 Ncxe4 23. Nxe4 Bxe4 24. Rxe4 Nxe4 25. Qxe4 Qc7 26. Be3 Bxb2 27. g3
Rc8 28. Kg2 Qc2 29. Qd5 Bc1 30. Bd4 Qf5 31. Qxf5 gxf5 32. Bd7 Rb8 33. Bxf5 Bb2
34. Be3 d5 35. h4 Kg7 36. h5 h6 37. Bd3 Bf6 38. Nd4 Bxd4 39. Bxd4+ f6 40. Kf3
Rb4 41. Ke3 Ra4 42. g4 Rb4 43. f3 Ra4 44. Bb5 Ra5 45. Bc6 Ra3+ 46. Ke2 Ra5 47.
Kd3 Kf7 48. Bb6 Ra3+ 49. Kd4 Kg7 50. Bxd5 Ra1 51. Be4 Rd1+ 52. Ke3 Ra1 53. Kf4
Ra6 54. Be3 Ra5 55. Bd4 Ra4 56. Ke3 Ra3+ 57. Bd3 Ra8 58. Ke4 Ra3 59. Bb5 Rb3 60.
Bc6 Rb4 61. Kd5 Kf7 62. Kc5 Rb1 63. Bd5+ Kg7 64. Be4 Rc1+ 65. Kd5 Rd1 66. Bf5
Rd2 67. Ke4 Rd1 68. Be6 Rb1 69. Bd5 Rb4 70. Bc6 Kf7 71. Kd5 Rb1 72. Kd6 Rd1 73.
Bd5+ Kg7 74. Be3 Re1 75. Bf4 Ra1 76. Ke6 Ra6+ 77. Bd6 Rb6 78. Bc4 Rb1 79. Kd7
Rc1 80. Bd5 Rd1 81. Be4 Ra1 82. Ke8 1-0

[Event "38th ECC Open 2023"]
[Site "Durres ALB"]
[Date "2023.10.06"]
[Round "6.13"]
[Board "3"]
[White "Nikolovski, Nikola"]
[Black "Trost, Edvin"]
[Result "1/2-1/2"]
[WhiteTitle "IM"]
[BlackTitle "FM"]
[WhiteElo "2382"]
[BlackElo "2442"]
[WhiteTeam "Gambit Asseco-SEE"]
[BlackTeam "SK Rockaden"]
[WhiteFideId "15002314"]
[BlackFideId "1729519"]
[EventDate "2023.10.01"]

1. e4 e5 2. Nf3 Nc6 3. Nc3 Nf6 4. Bb5 Bc5 5. O-O O-O 6. Nxe5 Nxe5 7. d4 Bd6 8.
f4 Neg4 9. e5 Bb4 10. exf6 Nxf6 11. Ne2 d5 12. c3 Bd6 13. f5 Ne4 14. Bd3 Re8 15.
Bf4 Bxf4 16. Rxf4 Qg5 17. Qf1 Bxf5 18. Bxe4 Bxe4 19. Ng3 Re7 20. Qf2 Rae8 21. h3
h5 22. h4 Qg6 23. Kh2 Bd3 24. Rf3 Be4 25. Rf4 c6 26. Re1 Qh6 27. Kg1 Qg6 28. Kh2
Re6 29. Re3 R8e7 30. Qe2 Qh6 31. Qf2 Qg6 32. Qe2 Bb1 33. Rxe6 Rxe6 34. Qf3 Bxa2
35. Nxh5 Re4 36. Ng3 Re6 37. h5 Qg5 38. Rxf7 Bb1 39. Rf4 Be4 40. Nxe4 dxe4 41.
Rxe4 Rxe4 42. Qxe4 Qxh5+ 43. Kg3 Qg5+ 44. Kf3 Kf7 45. Kf2 a5 46. Kg1 g6 47. Kh2
Qf5 48. Qe3 b5 49. Qg3 Qh5+ 50. Kg1 Qd1+ 51. Kh2 Qh5+ 52. Kg1 Qd1+ 53. Kh2 Qh5+
54. Kg1 Qd1+ 1/2-1/2